000 00297nam a22001337a 4500
008 181024b xxu||||| |||| 00| 0 eng d
020 _a2740360172136
041 _aeng
080 _29th
_a336
100 _a56
101 _aFIN
245 _aFoundations of Finance
_cKeown,A.J
942 _2udc
_cBK
999 _c50809
_d50809